Statistics for Countries that Border Saudi Arabia

Click here to take the quiz!

General Stats

  • This quiz has been taken 121 times
  • The average score is 8 of 8

Answer Stats

Answer% Correct
Oman
99%
Yemen
98%
Iraq
97%
Qatar
97%
United Arab Emirates
96%
Jordan
94%
Kuwait
94%
Bahrain
83%

Score Distribution

Percentile by Number Answered

Percent of People with Each Score

Your Score History

You have not taken this quiz